000 00517nam a2200193Ia 4500
003 GCL
008 140319s9999 xx 000 0 ara d
040 _aGCL /
_cGCL
082 0 4 _a811.9
_bا د
100 1 _aاحمد شوقى
245 1 0 _aدول العرب وعظماء الاسلام /
_cاحمد شوقى
300 _a109 ص
490 _a
650 0 4 _aالشعر العربى
650 0 4 _aالادب العربى
650 0 4 _aالعصر الحديث
650 0 4 _aاحمد شوقى
942 _2ddc
_cBK
999 _c45725
_d45725